[Event "Gaborone Masaiti (Women)"]
[Site "Gaborone"]
[Date "2023.12.19"]
[Round "3"]
[White "Byambaa, Uyanga"]
[Black "Francis, Onkemetse"]
[Result "1-0"]
[WhiteElo "2029"]
[BlackElo "1785"]
[PlyCount "73"]
[EventDate "2023.12.18"]
[EventType "tourn"]
[EventRounds "9"]
[EventCountry "BOT"]
[SourceTitle "CB52_2023"]
[SourceDate "2023.12.27"]
[SourceVersion "1"]
[SourceVersionDate "2023.12.27"]
[SourceQuality "1"]

1. e4 d5 2. exd5 Qxd5 3. Nc3 Qa5 4. d4 c6 5. Nf3 Nf6 6. Bc4 Bf5 7. Ne5 e6 8. g4 Bg6 9. h4 Be4 10. f3 Bd5 11. Bd3 Nbd7 12. Nxd7 Nxd7 13. Bd2 Qb6 14. Qe2 0-0-0 15. 0-0-0 Bb4 16. Nxd5 exd5 17. c3 Bd6 18. Rhe1 Qa5 19. Kb1 Qc7 20. h5 Bg3 21. Rg1 Rde8 22. Qg2 Bd6 23. Rde1 g6 24. Re2 Rxe2 25. Qxe2 Nf6 26. Bg5 Re8 27. Qd2 Ng8 28. hxg6 hxg6 29. Rh1 Be7 30. Rh7 Bxg5 31. Qxg5 Qg3 32. Rxf7 Qf2 33. a3 Re1+ 34. Ka2 Re8 35. Qxg6 Qe3 36. Qd6 Ne7 37. Bf5+ 1-0

[Event "Gaborone Masaiti (Women)"]
[Site "Gaborone"]
[Date "2023.12.18"]
[Round "1"]
[White "Byambaa, Uyanga"]
[Black "Quickpen, Deborah"]
[Result "1-0"]
[WhiteElo "2029"]
[BlackElo "1955"]
[PlyCount "69"]
[EventDate "2023.12.18"]
[EventType "tourn"]
[EventRounds "9"]
[EventCountry "BOT"]
[SourceTitle "CB52_2023"]
[SourceDate "2023.12.27"]
[SourceVersion "1"]
[SourceVersionDate "2023.12.27"]
[SourceQuality "1"]

1. e4 c5 2. Nf3 d6 3. d4 cxd4 4. Nxd4 Nf6 5. Nc3 a6 6. Bg5 e6 7. Qf3 Nbd7 8. 0-0-0 Be7 9. h4 Ne5 10. Qe2 Qc7 11. f4 Nc6 12. Nxc6 bxc6 13. e5 Nd5 14. Bxe7 Qxe7 15. Ne4 dxe5 16. fxe5 0-0 17. Qh5 Nf4 18. Qg4 Ng6 19. Qg3 Qb4 20. Bd3 Rb8 21. b3 Qa5 22. h5 Nxe5 23. Nf6+ Kh8 24. Nxh7 Rd8 25. Ng5 Nxd3+ 26. Rxd3 Rxd3 27. Nxf7+ Kg8 28. Nh6+ Kh8 29. Qxb8 Qc3 30. Qxc8+ Kh7 31. Qg8+ Kxh6 32. Qxe6+ Kg5 33. Qg6+ Kf4 34. Rf1+ Ke5 35. Qxd3 1-0

[Event "Titled Tuesday intern op 05th Sep Early"]
[Site "Chess.com INT"]
[Date "2023.09.05"]
[Round "8"]
[White "Enkhtuul, Altanulzii"]
[Black "Byambaa, Uyanga"]
[Result "1-0"]
[WhiteElo "2231"]
[BlackElo "2029"]
[PlyCount "73"]
[EventDate "2023.09.05"]
[EventType "swiss (blitz)"]
[EventRounds "11"]
[EventCountry "USA"]
[SourceTitle "EXT 2024"]
[Source "ChessBase"]
[SourceDate "2023.10.10"]
[SourceVersion "1"]
[SourceVersionDate "2023.10.10"]
[SourceQuality "1"]

1. d4 Nf6 2. Nf3 g6 3. g3 Bg7 4. Bg2 0-0 5. 0-0 d6 6. c4 c6 7. Nc3 Qa5 8. e4 Bg4 9. Rb1 Qh5 10. Qd3 Nbd7 11. b4 e5 12. d5 cxd5 13. cxd5 Rac8 14. Nb5 Ne8 15. Nxa7 Ra8 16. Nb5 Rxa2 17. Rb2 Ra1 18. h4 Bh6 19. Bxh6 Rxf1+ 20. Bxf1 Qxh6 21. Nh2 Bh3 22. Bxh3 Qc1+ 23. Kg2 Qxb2 24. Bxd7 Qxb4 25. Ng4 f5 26. exf5 Qxg4 27. Be6+ Kg7 28. f6+ Nxf6 29. Bxg4 Nxg4 30. f3 Nh6 31. Nxd6 Rd8 32. Nxb7 Rd7 33. Nc5 Rd6 34. Ne4 Rd8 35. d6 Nf5 36. Qc3 Nd4 37. Qc7+ 1-0

[Event "New York Winter IM-C"]
[Site "New York"]
[Date "2022.01.17"]
[Round "9"]
[White "Yudasin, Leonid"]
[Black "Byambaa, Uyanga"]
[Result "1/2-1/2"]
[WhiteElo "2465"]
[BlackElo "2063"]
[PlyCount "50"]
[EventDate "2022.01.13"]
[EventType "tourn"]
[EventRounds "9"]
[EventCountry "USA"]
[EventCategory "2"]
[SourceTitle "CBM 206 Extra"]
[Source "ChessBase"]
[SourceDate "2022.03.31"]
[SourceVersion "1"]
[SourceVersionDate "2022.03.31"]
[SourceQuality "1"]

1. e4 c5 2. Nf3 d6 3. Bc4 Nf6 4. d3 Nc6 5. c3 g6 6. Bb3 Bg7 7. 0-0 0-0 8. Re1 b5 9. h3 a5 10. a3 Bb7 11. d4 e5 12. d5 Ne7 13. a4 b4 14. Nbd2 Nd7 15. Nc4 Qc7 16. Ne3 h6 17. g4 Kh7 18. c4 Nf6 19. Bc2 Rad8 20. Kh2 Bc8 21. Qe2 Rh8 22. Bd2 Qd7 23. Rh1 Kg8 24. Kg2 h5 25. g5 Ne8 1/2-1/2

[Event "New York Winter IM-C"]
[Site "New York"]
[Date "2022.01.15"]
[Round "5"]
[White "Dukic, Zachary"]
[Black "Byambaa, Uyanga"]
[Result "1-0"]
[WhiteElo "2140"]
[BlackElo "2063"]
[PlyCount "77"]
[EventDate "2022.01.13"]
[EventType "tourn"]
[EventRounds "9"]
[EventCountry "USA"]
[EventCategory "2"]
[SourceTitle "CBM 206 Extra"]
[Source "ChessBase"]
[SourceDate "2022.03.31"]
[SourceVersion "1"]
[SourceVersionDate "2022.03.31"]
[SourceQuality "1"]

1. e4 c5 2. Nf3 d6 3. d4 cxd4 4. Nxd4 Nf6 5. Nc3 g6 6. Be3 Bg7 7. f3 0-0 8. Qd2 Nc6 9. 0-0-0 d5 10. exd5 Nxd5 11. Nxc6 bxc6 12. Bd4 e5 13. Bc5 Be6 14. Ne4 Re8 15. h4 h6 16. h5 g5 17. g4 Nf4 18. Qxd8 Rexd8 19. Rxd8+ Rxd8 20. Rh2 Bf8 21. Rd2 Rxd2 22. Kxd2 Bxc5 23. Nxc5 Kg7 24. Bd3 Kf6 25. Be4 Bd5 26. b3 Ke7 27. c4 Be6 28. Nxe6 Nxe6 29. Bxc6 f5 30. b4 Nd4 31. Bd5 e4 32. fxe4 fxg4 33. e5 g3 34. a4 g4 35. b5 Nf3+ 36. Bxf3 gxf3 37. Ke3 f2 38. Ke2 Ke6 39. a5 1-0

[Event "New York Winter IM-C"]
[Site "New York"]
[Date "2022.01.14"]
[Round "2"]
[White "Byambaa, Uyanga"]
[Black "Paciorkowski, Lev"]
[Result "1-0"]
[WhiteElo "2063"]
[BlackElo "2335"]
[PlyCount "69"]
[EventDate "2022.01.13"]
[EventType "tourn"]
[EventRounds "9"]
[EventCountry "USA"]
[EventCategory "2"]
[SourceTitle "CBM 206 Extra"]
[Source "ChessBase"]
[SourceDate "2022.03.31"]
[SourceVersion "1"]
[SourceVersionDate "2022.03.31"]
[SourceQuality "1"]

1. e4 c6 2. d4 d5 3. e5 Bf5 4. h4 h5 5. Bg5 Qb6 6. Bd3 Qxd4 7. Nf3 Qg4 8. Bxf5 Qxf5 9. c4 Qe4+ 10. Be3 Qxc4 11. e6 fxe6 12. Nbd2 Qd3 13. Rc1 e5 14. Nxe5 Qf5 15. Ndf3 Nd7 16. Nxd7 Qxd7 17. Qd3 0-0-0 18. Bxa7 e6 19. 0-0 Bd6 20. b4 Bxb4 21. Ne5 Qc7 22. Nxc6 bxc6 23. Qa6+ Kd7 24. Bb6 Qc8 25. Qa7+ Kd6 26. Bxd8 Qxd8 27. Qb7 c5 28. a3 Qd7 29. Qb6+ Qc6 30. Qd8+ Qd7 31. Qf8+ Qe7 32. Qa8 Nf6 33. Qxh8 Bxa3 34. Ra1 Bb4 35. Qb8+ 1-0

[Event "Charlotte CCCSA Winter IM"]
[Site "Charlotte"]
[Date "2020.01.17"]
[Round "3"]
[White "Byambaa, Uyanga"]
[Black "Berczes, David"]
[Result "0-1"]
[WhiteElo "2113"]
[BlackElo "2433"]
[PlyCount "90"]
[EventDate "2020.01.16"]
[EventType "tourn"]
[EventRounds "9"]
[EventCountry "USA"]
[EventCategory "2"]
[SourceTitle "CBM 194 Extra"]
[Source "ChessBase"]
[SourceDate "2020.03.31"]
[SourceVersion "1"]
[SourceVersionDate "2020.03.31"]
[SourceQuality "1"]

1. e4 e6 2. d4 d5 3. Nc3 Nf6 4. Bg5 dxe4 5. Nxe4 Be7 6. Bxf6 gxf6 7. Nf3 f5 8. Ng3 h5 9. h4 c5 10. Bd3 cxd4 11. Nxd4 Bxh4 12. Nb5 Bxg3 13. fxg3 a6 14. Nc3 Qg5 15. Qf3 Nd7 16. Ne2 Ne5 17. Qf4 Qxf4 18. Nxf4 Ke7 19. Rxh5 Rxh5 20. Nxh5 Bd7 21. Be2 Rc8 22. c3 b5 23. Nf4 Nc4 24. b3 Nd6 25. c4 bxc4 26. bxc4 Ne4 27. g4 fxg4 28. Bxg4 Rxc4 29. Be2 Rd4 30. Bxa6 Nc5 31. Ne2 Rh4 32. 0-0-0 Nxa6 33. Nd4 e5 34. Nf3 Rc4+ 35. Kb2 f6 36. Rd5 Rb4+ 37. Kc3 Rb5 38. Kc4 Rxd5 39. Kxd5 Be6+ 40. Ke4 Nc5+ 41. Ke3 Bxa2 42. g4 Ne6 43. Nh4 Bb1 44. Nf3 Bc2 45. Nd2 Bd1 0-1

[Event "Charlotte CCCSA Winter IM"]
[Site "Charlotte"]
[Date "2020.01.16"]
[Round "1"]
[White "Byambaa, Uyanga"]
[Black "Li, Eric"]
[Result "0-1"]
[WhiteElo "2113"]
[BlackElo "2195"]
[PlyCount "118"]
[EventDate "2020.01.16"]
[EventType "tourn"]
[EventRounds "9"]
[EventCountry "USA"]
[EventCategory "2"]
[SourceTitle "CBM 194 Extra"]
[Source "ChessBase"]
[SourceDate "2020.03.31"]
[SourceVersion "1"]
[SourceVersionDate "2020.03.31"]
[SourceQuality "1"]

1. e4 c5 2. Nf3 d6 3. d4 cxd4 4. Nxd4 Nf6 5. Nc3 a6 6. Bc4 e6 7. Bb3 Nbd7 8. g4 Nc5 9. f3 b5 10. Be3 Bb7 11. Qd2 Nfd7 12. 0-0-0 Nb6 13. Bg5 Be7 14. h4 h6 15. Bxe7 Qxe7 16. g5 0-0-0 17. Rdg1 hxg5 18. Rxg5 g6 19. h5 gxh5 20. Rgxh5 Rxh5 21. Rxh5 Qf6 22. Nce2 Rg8 23. Qh6 Qxh6+ 24. Rxh6 Rg7 25. Kd2 Kd7 26. Ke3 Ke7 27. Rh8 Nbd7 28. c3 Ne5 29. Rb8 Kd7 30. Rf8 Ng6 31. Rb8 Kc7 32. Re8 Bc8 33. Bxe6 Bxe6 34. b4 Bd7 35. Ra8 Nb7 36. Rxa6 Ne5 37. Nf4 Nc4+ 38. Kf2 Nb6 39. Nh5 Rg6 40. Nf4 Rh6 41. Kg2 Nd8 42. Ra5 Nc6 43. Nxb5+ Kb7 44. Ra3 Ne5 45. Nd4 Rf6 46. Nd5 Nxd5 47. exd5 Nc4 48. Rb3 Ne3+ 49. Kf2 Nxd5 50. c4 Rf4 51. Rd3 Nxb4 52. Rd2 Kc7 53. Kg3 Rf6 54. f4 Na6 55. f5 Bxf5 56. Rf2 Rg6+ 57. Kf4 Rg4+ 58. Ke3 Re4+ 59. Kd3 Rf4+ 0-1

[Event "Berkeley Summer IM"]
[Site "Berkeley"]
[Date "2019.08.20"]
[Round "8"]
[White "Byambaa, Uyanga"]
[Black "Matras Clement, Agnieszka"]
[Result "1-0"]
[WhiteElo "2114"]
[BlackElo "2260"]
[PlyCount "97"]
[EventDate "2019.08.16"]
[EventType "tourn"]
[EventRounds "9"]
[EventCountry "USA"]
[SourceTitle "EXT 2020"]
[Source "ChessBase"]
[SourceDate "2019.10.17"]
[SourceVersion "1"]
[SourceVersionDate "2019.10.17"]
[SourceQuality "1"]

1. e4 c6 2. d4 d5 3. e5 c5 4. Nf3 Nc6 5. dxc5 Bg4 6. c3 e6 7. b4 Nge7 8. Nbd2 Ng6 9. Qa4 Bxf3 10. Nxf3 Qc7 11. Be3 Ngxe5 12. Nxe5 Qxe5 13. Rc1 Be7 14. b5 Nd8 15. Be2 0-0 16. 0-0 f5 17. Rfe1 Nf7 18. Bf3 Qc7 19. c4 d4 20. Bxd4 e5 21. Bb2 e4 22. Bh5 Bxc5 23. Bxf7+ Rxf7 24. Rcd1 Re8 25. Qc2 Rfe7 26. Qd2 Kh8 27. Qd5 f4 28. Bd4 Bb4 29. Re2 f3 30. gxf3 Qf4 31. Qh5 Qxf3 32. Qxf3 exf3 33. Rxe7 Rxe7 34. Bxa7 g5 35. h3 Re2 36. Rd7 Re1+ 37. Kh2 Ba5 38. Rxb7 Bd2 39. Kg3 Rh1 40. Bd4+ Kg8 41. c5 Bf4+ 42. Kxf3 Rxh3+ 43. Ke4 Rh1 44. c6 Rc1 45. Rg7+ Kf8 46. Rxh7 Ke8 47. Kd5 Kd8 48. b6 Rc2 49. b7 1-0

[Event "Berkeley Summer IM"]
[Site "Berkeley"]
[Date "2019.08.19"]
[Round "7"]
[White "Krush, Irina"]
[Black "Byambaa, Uyanga"]
[Result "1/2-1/2"]
[WhiteElo "2417"]
[BlackElo "2114"]
[PlyCount "48"]
[EventDate "2019.08.16"]
[EventType "tourn"]
[EventRounds "9"]
[EventCountry "USA"]
[SourceTitle "EXT 2020"]
[Source "ChessBase"]
[SourceDate "2019.10.17"]
[SourceVersion "1"]
[SourceVersionDate "2019.10.17"]
[SourceQuality "1"]

1. d4 Nf6 2. c4 g6 3. Nc3 Bg7 4. e4 d6 5. Be2 0-0 6. Be3 e5 7. d5 Nbd7 8. g4 Ne8 9. h4 f5 10. exf5 gxf5 11. gxf5 Nc5 12. Nf3 Bxf5 13. h5 Bf6 14. Qd2 Kh8 15. 0-0-0 Qd7 16. Nh4 Bxh4 17. Rxh4 Nf6 18. f4 Nfe4 19. Nxe4 Nxe4 20. Qe1 Qa4 21. Bd3 Qxa2 22. fxe5 Qa1+ 23. Kc2 Qa4+ 24. Kc1 Qa1+ 1/2-1/2

[Event "Berkeley Summer IM"]
[Site "Berkeley"]
[Date "2019.08.19"]
[Round "6"]
[White "Ordaz Valdes, Lisandra Teresa"]
[Black "Byambaa, Uyanga"]
[Result "1-0"]
[WhiteElo "2393"]
[BlackElo "2114"]
[PlyCount "59"]
[EventDate "2019.08.16"]
[EventType "tourn"]
[EventRounds "9"]
[EventCountry "USA"]
[SourceTitle "EXT 2020"]
[Source "ChessBase"]
[SourceDate "2019.10.17"]
[SourceVersion "1"]
[SourceVersionDate "2019.10.17"]
[SourceQuality "1"]

1. d4 Nf6 2. c4 g6 3. Nc3 Bg7 4. e4 d6 5. Be2 0-0 6. Bg5 c5 7. d5 Qa5 8. Bd2 a6 9. Nf3 Qc7 10. 0-0 b5 11. cxb5 axb5 12. Bxb5 Qb7 13. Qe2 Bd7 14. a4 Bxb5 15. Nxb5 Na6 16. Rab1 Nc7 17. Nxc7 Qxc7 18. Rfc1 Rfb8 19. a5 Rb3 20. Nd4 Rb7 21. a6 Rbb8 22. Nc6 Re8 23. b4 e6 24. bxc5 dxc5 25. Rb7 Qd6 26. e5 exd5 27. exd6 Rxe2 28. a7 Ree8 29. d7 Nxd7 30. Rxd7 1-0

[Event "Berkeley Summer IM"]
[Site "Berkeley"]
[Date "2019.08.16"]
[Round "1"]
[White "Byambaa, Uyanga"]
[Black "Cervantes Landeiro, Thalia"]
[Result "0-1"]
[WhiteElo "2114"]
[BlackElo "2118"]
[PlyCount "92"]
[EventDate "2019.08.16"]
[EventType "tourn"]
[EventRounds "9"]
[EventCountry "USA"]
[SourceTitle "EXT 2020"]
[Source "ChessBase"]
[SourceDate "2019.10.17"]
[SourceVersion "1"]
[SourceVersionDate "2019.10.17"]
[SourceQuality "1"]

1. e4 c5 2. Nf3 d6 3. d4 cxd4 4. Nxd4 Nf6 5. Nc3 a6 6. Bc4 e6 7. Bb3 Nbd7 8. g4 Nc5 9. f3 b5 10. g5 Nfd7 11. Be3 Bb7 12. Qd2 Be7 13. 0-0-0 Nb6 14. a3 Nc4 15. Bxc4 bxc4 16. h4 Qa5 17. h5 Rb8 18. g6 Qb6 19. gxf7+ Kxf7 20. Qe2 Ba8 21. Qxc4 Qxb2+ 22. Kd2 Rhc8 23. Ke2 d5 24. exd5 Ne4 25. dxe6+ Kg8 26. Qxc8+ Rxc8 27. Nxe4 Bxe4 28. fxe4 Qxa3 29. Rhg1 Bf6 30. Nf5 Rxc2+ 31. Kf3 Rc3 32. e5 Qc5 33. exf6 Qxf5+ 34. Ke2 Rc2+ 35. Rd2 Rxd2+ 36. Kxd2 Qxf6 37. h6 Qxe6 38. Rxg7+ Kf8 39. Rxh7 Qa2+ 40. Kc3 Qa3+ 41. Kd4 Qb4+ 42. Kd5 Qb3+ 43. Kd4 Qb6+ 44. Kd5 Qxe3 45. Rh8+ Kf7 46. h7 Qd3+ 0-1

[Event "San Francisco TNM Summer op"]
[Site "San Francisco"]
[Date "2016.06.21"]
[Round "5"]
[White "Byambaa, Uyanga"]
[Black "Stearman, Josiah P"]
[Result "1/2-1/2"]
[WhiteElo "2210"]
[BlackElo "2204"]
[PlyCount "56"]
[EventDate "2016.05.24"]
[EventType "swiss"]
[EventRounds "8"]
[EventCountry "USA"]
[SourceTitle "EXT 2018"]
[Source "ChessBase"]
[SourceDate "2017.10.13"]
[SourceVersion "1"]
[SourceVersionDate "2017.10.13"]
[SourceQuality "1"]

1. e4 c5 2. Nf3 d6 3. d4 cxd4 4. Nxd4 Nf6 5. Nc3 g6 6. Be3 Bg7 7. f3 a6 8. Qd2 h5 9. Bc4 Nbd7 10. 0-0-0 b5 11. Bb3 Bb7 12. h3 h4 13. Rhe1 Rc8 14. Kb1 Nc5 15. Bg5 Qa5 16. e5 dxe5 17. Rxe5 b4 18. Qe1 0-0 19. Na4 Nfd7 20. Rxe7 Nxb3 21. axb3 Qxg5 22. Rxd7 Bc6 23. Nxc6 Rxc6 24. Qd2 Qg3 25. Rd8 Qc7 26. Rd7 Qg3 27. Qd5 Re6 28. Qd2 Rc6 1/2-1/2

[Event "San Francisco TNM Summer op"]
[Site "San Francisco"]
[Date "2016.05.24"]
[Round "1"]
[White "Byambaa, Uyanga"]
[Black "Weingarten, Daniel P"]
[Result "1-0"]
[WhiteElo "2210"]
[BlackElo "1609"]
[PlyCount "77"]
[EventDate "2016.05.24"]
[EventType "swiss"]
[EventRounds "8"]
[EventCountry "USA"]
[SourceTitle "EXT 2018"]
[Source "ChessBase"]
[SourceDate "2017.10.13"]
[SourceVersion "1"]
[SourceVersionDate "2017.10.13"]
[SourceQuality "1"]

1. e4 c5 2. Nf3 Nc6 3. d4 cxd4 4. Nxd4 d6 5. Nc3 Nf6 6. Bc4 g6 7. Be3 Bg7 8. f3 0-0 9. Qd2 Bd7 10. Bb3 Na5 11. h4 Nxb3 12. axb3 h5 13. g4 hxg4 14. h5 Nxh5 15. Bh6 gxf3 16. Rxh5 Bxd4 17. Qxd4 e5 18. Qf2 gxh5 19. 0-0-0 Bg4 20. Rg1 Kh7 21. Bxf8 Qxf8 22. Nd5 Qh6+ 23. Kb1 b6 24. Qh4 Kg7 25. Ne7 Kh7 26. Nd5 Kg7 27. Qh1 Kh7 28. Qh4 Kg7 29. Qh1 Kh7 30. Nf6+ Qxf6 31. Rxg4 Qh6 32. Rh4 f2 33. Qf3 Kg7 34. Qxf2 Rh8 35. Rh2 Qf4 36. Qg1+ Kf8 37. Rf2 Qxe4 38. Qd1 Ke7 39. Qd2 1-0

[Event "San Francisco TNM Fall op"]
[Site "San Francisco"]
[Date "2015.12.15"]
[Round "9"]
[White "Traub, Igor Vladimirovich"]
[Black "Byambaa, Uyanga"]
[Result "0-1"]
[WhiteElo "2048"]
[BlackElo "2065"]
[PlyCount "90"]
[EventDate "2015.10.20"]
[EventType "swiss"]
[EventRounds "9"]
[EventCountry "USA"]
[SourceTitle "EXT 2023"]
[Source "ChessBase"]
[SourceDate "2022.10.05"]
[SourceVersion "1"]
[SourceVersionDate "2022.10.05"]
[SourceQuality "1"]

1. d4 Nf6 2. Nf3 g6 3. g3 Bg7 4. Bg2 0-0 5. Nbd2 d6 6. 0-0 Nc6 7. e4 e5 8. c3 exd4 9. Nxd4 Ne5 10. f4 Nd3 11. Qc2 Nxc1 12. Raxc1 c5 13. N4f3 d5 14. Rcd1 Ng4 15. Rfe1 Qb6 16. e5 f6 17. h3 c4+ 18. Nd4 fxe5 19. fxe5 Nxe5 20. Bxd5+ Kh8 21. Kg2 Nd3 22. Rf1 Rxf1 23. Rxf1 Qxb2 24. Qxb2 Nxb2 25. Nxc4 Na4 26. Nd6 h6 27. N4b5 Bd7 28. Nc7 Rf8 29. Nf7+ Kh7 30. c4 Nc3 31. Bxb7 Bf5 32. Nd6 Bxh3+ 33. Kxh3 Rxf1 34. c5 Nxa2 35. Na6 Bf8 36. Nb5 Bxc5 37. Nxc5 Rf5 38. Nxa7 Rxc5 39. Bf3 Nb4 40. Kg2 Kg7 41. Be4 Kf6 42. Kf3 g5 43. g4 Ke5 44. Bf5 Rc3+ 45. Ke2 Nc6 0-1

[Event "San Francisco TNM Fall op"]
[Site "San Francisco"]
[Date "2015.11.17"]
[Round "5"]
[White "Byambaa, Uyanga"]
[Black "Stearman, Josiah P"]
[Result "0-1"]
[WhiteElo "2065"]
[BlackElo "2080"]
[PlyCount "78"]
[EventDate "2015.10.20"]
[EventType "swiss"]
[EventRounds "9"]
[EventCountry "USA"]
[SourceTitle "EXT 2023"]
[Source "ChessBase"]
[SourceDate "2022.10.05"]
[SourceVersion "1"]
[SourceVersionDate "2022.10.05"]
[SourceQuality "1"]

1. e4 c5 2. Nf3 Nc6 3. d4 cxd4 4. Nxd4 g6 5. Nc3 Bg7 6. Be3 Nf6 7. Bc4 0-0 8. Bb3 d6 9. f3 Bd7 10. h4 h5 11. Qd2 Rc8 12. 0-0-0 Ne5 13. Bg5 Rc5 14. Kb1 b5 15. g4 hxg4 16. h5 Nxh5 17. Nd5 Re8 18. Rxh5 gxh5 19. Qh2 gxf3 20. Qxh5 Bg4 21. Qh4 Rxd5 22. Bxd5 Qb6 23. Bh6 Bf6 24. Qg3 f2 25. Nf3 Kh7 26. Rh1 Bxf3 27. Be3+ Bxh1 28. Qh3+ Kg7 29. Bxb6 axb6 30. Qxh1 Rh8 31. Qg2+ Kf8 32. a4 Ng4 33. Ka2 Rh2 34. Qf3 Ne3 35. Qf4 f1Q 36. Qxh2 Nxd5 37. exd5 Qc4+ 38. Kb1 Qxd5 39. axb5 Qxb5 0-1

[Event "USA tt"]
[Site "ICC INT"]
[Date "2015.10.13"]
[Round "8"]
[White "Byambaa, Uyanga"]
[Black "He, Anthony B"]
[Result "1-0"]
[WhiteElo "2072"]
[BlackElo "1752"]
[PlyCount "71"]
[EventDate "2015.08.25"]
[EventType "team-swiss"]
[EventRounds "10"]
[EventCountry "USA"]
[SourceTitle "EXT 2017"]
[Source "ChessBase"]
[SourceDate "2016.10.25"]
[SourceVersion "1"]
[SourceVersionDate "2016.10.25"]
[SourceQuality "1"]
[WhiteTeam "San Francisco"]
[BlackTeam "Seattle"]
[WhiteTeamCountry "USA"]
[BlackTeamCountry "USA"]

1. e4 e5 2. Nf3 Nc6 3. Bc4 Bc5 4. b4 Bxb4 5. c3 Ba5 6. d4 d6 7. Qb3 Qd7 8. dxe5 dxe5 9. 0-0 Bb6 10. Rd1 Qe7 11. Ba3 Qf6 12. Bb5 Bd7 13. c4 a6 14. Ba4 0-0-0 15. c5 Ba7 16. Nc3 Nd4 17. Nxd4 Bxa4 18. Qxa4 exd4 19. Nd5 Qe5 20. c6 Qxe4 21. cxb7+ Kxb7 22. Rab1+ Bb6 23. Nxb6 cxb6 24. Bc5 Rd6 25. Bxd6 Nf6 26. Re1 Re8 27. Rxe4 Rxe4 28. Qc2 Re7 29. Bxe7 Ne8 30. Rc1 a5 31. Qc8+ Ka7 32. Qxe8 Ka6 33. a4 b5 34. Qxb5+ Ka7 35. Rc7+ Ka8 36. Qb7# 1-0

[Event "USA tt"]
[Site "ICC INT"]
[Date "2015.09.16"]
[Round "4"]
[White "Byambaa, Uyanga"]
[Black "Durham, Dan"]
[Result "0-1"]
[WhiteElo "2072"]
[BlackElo "2229"]
[PlyCount "142"]
[EventDate "2015.08.25"]
[EventType "team-swiss"]
[EventRounds "10"]
[EventCountry "USA"]
[SourceTitle "EXT 2016"]
[Source "ChessBase"]
[SourceDate "2015.10.08"]
[SourceVersion "1"]
[SourceVersionDate "2015.10.08"]
[SourceQuality "1"]
[WhiteTeam "San Francisco"]
[BlackTeam "Las Vegas"]
[WhiteTeamCountry "USA"]
[BlackTeamCountry "USA"]

1. e4 c5 2. Nf3 d6 3. d4 cxd4 4. Nxd4 Nf6 5. Nc3 g6 6. Be3 Bg7 7. f3 0-0 8. Bc4 Nc6 9. Bb3 Bd7 10. h4 h5 11. Qd2 Rc8 12. 0-0-0 Ne5 13. Bg5 Rc5 14. Kb1 a5 15. g4 Rxc3 16. Qxc3 a4 17. Bd5 e6 18. gxh5 exd5 19. h6 Bh8 20. h7+ Kg7 21. Qe3 Nc4 22. Qc1 Qe8 23. h5 Nxh5 24. Bh6+ Kxh7 25. Bxf8 Qxf8 26. Qg5 Ne5 27. Rdg1 Qh6 28. Qg2 Bf6 29. f4 Ng4 30. e5 dxe5 31. fxe5 Nxe5 32. Qxd5 Bc6 33. Nxc6 bxc6 34. Qe4 Kg7 35. Qxa4 Qf4 36. Qxf4 Nxf4 37. a4 Nc4 38. c3 Kf8 39. Re1 Nd3 40. Re4 Nd2+ 41. Kc2 Nxe4 42. Rf1 Ndc5 43. a5 Ke7 44. b4 Bxc3 45. bxc5 Bxa5 46. Ra1 Bb4 47. Ra4 Bxc5 48. Rxe4+ Kd7 49. Kd3 Bd6 50. Ra4 Ke6 51. Ra6 c5 52. Kc4 g5 53. Ra2 f5 54. Re2+ Be5 55. Kxc5 g4 56. Kc4 f4 57. Kd3 Kf5 58. Ra2 g3 59. Ke2 Kg4 60. Ra4 Bd6 61. Ra6 f3+ 62. Kd2 Bf4+ 63. Ke1 Be3 64. Rg6+ Kh3 65. Rg8 Kg2 66. Rf8 Bc5 67. Rf4 Bd6 68. Rf6 Bb4+ 69. Kd1 Kf2 70. Rb6 g2 71. Rxb4 g1Q+ 0-1

[Event "San Francisco Leighton Memorial"]
[Site "San Francisco"]
[Date "2015.09.08"]
[Round "6"]
[White "Winslow, Elliott C"]
[Black "Byambaa, Uyanga"]
[Result "0-1"]
[WhiteElo "2283"]
[BlackElo "2072"]
[PlyCount "54"]
[EventDate "2015.08.04"]
[EventType "swiss"]
[EventRounds "9"]
[EventCountry "USA"]
[SourceTitle "EXT 2023"]
[Source "ChessBase"]
[SourceDate "2022.10.05"]
[SourceVersion "1"]
[SourceVersionDate "2022.10.05"]
[SourceQuality "1"]

1. d4 Nf6 2. c4 g6 3. Nc3 Bg7 4. e4 d6 5. f3 0-0 6. Be3 e5 7. Nge2 Nbd7 8. d5 Ne8 9. Qd2 f5 10. 0-0-0 a6 11. Kb1 Nef6 12. h3 b5 13. exf5 gxf5 14. cxb5 axb5 15. Nxb5 Nb6 16. Nec3 Bb7 17. Bxb6 cxb6 18. g4 e4 19. g5 Nh5 20. f4 Ng3 21. Rg1 Nxf1 22. Rgxf1 Ba6 23. a4 Bxb5 24. axb5 Qd7 25. Rc1 Rfc8 26. Rfe1 Qa7 27. Re3 Rc4 0-1

[Event "San Francisco TNM Spring op"]
[Site "San Francisco"]
[Date "2015.04.21"]
[Round "6"]
[White "Byambaa, Uyanga"]
[Black "Khristoforov, Sergey"]
[Result "0-1"]
[WhiteElo "2168"]
[BlackElo "1977"]
[PlyCount "82"]
[EventDate "2015.03.17"]
[EventType "swiss"]
[EventRounds "8"]
[EventCountry "USA"]
[SourceTitle "EXT 2016"]
[Source "ChessBase"]
[SourceDate "2015.10.08"]
[SourceVersion "1"]
[SourceVersionDate "2015.10.08"]
[SourceQuality "1"]

1. e4 c6 2. d4 d5 3. e5 Bf5 4. Nf3 e6 5. Be2 c5 6. Be3 Nc6 7. 0-0 Qb6 8. Nc3 cxd4 9. Nxd4 Qxb2 10. Nxd5 exd5 11. Nxf5 Qxe5 12. Nd4 Nf6 13. Rb1 Bd6 14. Nf3 Qe7 15. Bg5 0-0 16. Re1 Bb4 17. Rf1 Rfe8 18. Bb5 Qc5 19. Bxc6 bxc6 20. Bxf6 gxf6 21. Nh4 Re4 22. Nf5 Rf4 23. Qh5 Qxc2 24. Nh6+ Kg7 25. Rb3 Bc3 26. g3 Rb4 27. Rxb4 Bxb4 28. Qxf7+ Kxh6 29. Qxf6+ Qg6 30. Qh4+ Kg7 31. Qxb4 Qf7 32. Rb1 Rf8 33. Qd4+ Kg8 34. f4 Re8 35. Kf2 Qh5 36. Kg1 Re2 37. Rb8+ Re8 38. Rxe8+ Qxe8 39. Qxa7 Qe1+ 40. Kg2 Qe4+ 41. Kh3 Qe6+ 0-1

[Event "San Francisco TNM Spring op"]
[Site "San Francisco"]
[Date "2015.03.24"]
[Round "2"]
[White "Byambaa, Uyanga"]
[Black "Hakobyan, Sos"]
[Result "1-0"]
[WhiteElo "2168"]
[BlackElo "1885"]
[PlyCount "93"]
[EventDate "2015.03.17"]
[EventType "swiss"]
[EventRounds "8"]
[EventCountry "USA"]
[SourceTitle "EXT 2016"]
[Source "ChessBase"]
[SourceDate "2015.10.08"]
[SourceVersion "1"]
[SourceVersionDate "2015.10.08"]
[SourceQuality "1"]

1. e4 e6 2. d4 d5 3. Nc3 Bb4 4. e5 c5 5. a3 Bxc3+ 6. bxc3 Ne7 7. Qg4 Qc7 8. Qxg7 Rg8 9. Qxh7 cxd4 10. Ne2 Nbc6 11. f4 Bd7 12. Qd3 dxc3 13. Rb1 0-0-0 14. g3 Kb8 15. Bg2 Na5 16. 0-0 Nf5 17. Qxc3 Qxc3 18. Nxc3 Rc8 19. Nd1 Rxc2 20. Rf2 Ba4 21. Bh3 Rgc8 22. Bd2 Nc4 23. Bb4 a5 24. Bxf5 Rxf2 25. Nxf2 axb4 26. Rxb4 b5 27. Bd3 Nxa3 28. h4 Nc2 29. Rb2 Na3 30. h5 Ka7 31. Nh3 Bd1 32. h6 Kb6 33. Ng5 Bh5 34. g4 Bxg4 35. Nxf7 Bf5 36. Bxf5 exf5 37. h7 Nc4 38. Rg2 Ne3 39. Rg8 Rc1+ 40. Kf2 Rh1 41. h8Q Rxh8 42. Rxh8 Ng4+ 43. Ke2 Kc5 44. e6 b4 45. Rb8 d4 46. Ne5 Nf6 47. Nd7+ 1-0